000 00764cam a22002533a 4500
001 8104
003 PGUSA
005 20140828083152.0
008 050501s2005||||xxu|||||s|||||000 | eng d
040 _aPGUSA
_beng
042 _adc
050 4 _aDA
100 1 _aRussell, George William,
_d1867-1935
245 1 4 _aThe National Being :
_bSome Thoughts on an Irish Polity
_h[electronic resource] /
_cGeorge William Russell
260 _bProject Gutenberg,
_c2005
506 _aPublic domain in the USA.
516 _aElectronic text
653 _aIreland -- Politics and government
653 _aCooperation
653 _aIreland -- Economic conditions
830 0 _aProject Gutenberg
_v8104
856 4 0 _uhttp://www.gutenberg.org/ebooks/8104
942 _cEB
999 _c237404
_d237404